| 000 | 01073nam a22002775a 4500 | ||
|---|---|---|---|
| 003 | OSt | ||
| 005 | 20161207113538.0 | ||
| 008 | 161207s2010 ua frb 000 0 ara d | ||
| 015 | _a2010/10686 | ||
| 020 | _z201010686 | ||
| 040 |
_aEG-ScBUE _bara _cEG-ScBUE |
||
| 082 | 0 | 4 |
_a327.1 _bش ل ب _222 |
| 100 | 1 | _aشلبي، صلاح عبد البديع. | |
| 245 | 1 | 0 |
_aقضايا دولية معاصرة / _cصلاح عبد البديع شلبي. |
| 250 | _aط. 1. | ||
| 260 |
_aالقاهرة : _bدار النهضة العربية، _c2010. |
||
| 300 |
_a105 ص. ؛ _c24 سم. |
||
| 504 | _aيشتمل على إرجاعات ببليوجرافية. | ||
| 505 | 0 | _a1- أزمة دارفور - 2- مصر ومياه النيل - 3- اتفاق الكويز - 4- حلايب وشلاتين - 5- تقرير جولدستون. | |
| 650 | 7 |
_aالسياسة الدولية. _2BUEsh _917594 |
|
| 650 | 7 |
_aالمنازعات الدولية. _2BUEsh _927936 |
|
| 650 | 7 |
_aالعلاقات الدولية. _2BUEsh |
|
| 651 | _2BUEsh | ||
| 653 |
_bLLAAWW _cDecember2016 |
||
| 942 | _2ddc | ||
| 999 |
_c23493 _d23465 |
||